Central Library OPAC University of Rajshahi

An introduction to co-ordination chemistry / (Record no. 70695)

MARC details
000 -LEADER
fixed length control field 00801nam a2200241 a 4500
001 - CONTROL NUMBER
control field 70695
003 - CONTROL NUMBER IDENTIFIER
rucl marc code BD-RjUL
005 - DATE AND TIME OF LATEST TRANSACTION
control field 20211209082029.0
008 - FIXED-LENGTH DATA ELEMENTS--GENERAL INFORMATION
fixed length control field 170419s1961 nyua b 001 0 eng
035 ## - SYSTEM CONTROL NUMBER
System control number (BD-RjUL)70909
040 ## - CATALOGING SOURCE
Original cataloging agency DLC/ICU
Transcribing agency ICU
Modifying agency DLC
-- BD-RjUL
Language of cataloging eng
041 ## - LANGUAGE CODE
Language code of text/sound track or separate title eng
082 00 - DEWEY DECIMAL CLASSIFICATION NUMBER
Edition number 23
Classification number 541.2242
Author mark and year GRI 1961
100 1# - MAIN ENTRY--PERSONAL NAME
Personal name Graddon, D. P.
9 (RLIN) 209246
245 13 - TITLE STATEMENT
Title An introduction to co-ordination chemistry /
Statement of responsibility, etc. by D. P. Graddon.
260 ## - PUBLICATION, DISTRIBUTION, ETC. (IMPRINT)
Place of publication, distribution, etc. New York :
Name of publisher, distributor, etc. Pergamon Press,
Date of publication, distribution, etc. c1961.
300 ## - PHYSICAL DESCRIPTION
Pagination 111 p. :
Illustrations ill. ;
Size 24 cm.
490 1# - SERIES STATEMENT
Series statement International series of monographs on inorganic chemistry,
Volume/sequential designation v. 3
500 ## - GENERAL NOTE
General note Includes index.
650 #0 - SUBJECT ADDED ENTRY--TOPICAL TERM
Topical term or geographic name as entry element Coordination compounds.
9 (RLIN) 205860
830 #0 - SERIES ADDED ENTRY--UNIFORM TITLE
Uniform title International series of monographs on inorganic chemistry ;
Volume number/sequential designation v. 3.
942 ## - ADDED ENTRY ELEMENTS (KOHA)
Source of classification or shelving scheme Dewey Decimal Classification
Koha item type Books
Holdings
Lost status Source of classification or shelving scheme Damaged status Not for loan Collection code Permanent Location Current Location Shelving location Date acquired Source of acquisition Cost, normal purchase price Total Checkouts Full call number Date last seen Copy number Koha item type
  Dewey Decimal Classification   Not For Loan Non-fiction Central Library, University of Rajshahi Central Library, University of Rajshahi Reading Room 21/04/1964 Sweets & Zeitlinger 25.00   541.2242 GRI 1961 19/04/2017 C-1 Books
  Dewey Decimal Classification     Non-fiction Central Library, University of Rajshahi Central Library, University of Rajshahi   21/04/1964 Swets and Zeitlinger 25.00   541.2242 GRI 1961 17/05/2017 C-2 Books